| 000 | 00897nas a2200265 4500 | ||
|---|---|---|---|
| 001 | BR2012006733 | ||
| 003 | BR-BrBNA | ||
| 005 | 20231205121220.0 | ||
| 007 | ta | ||
| 008 | 230509b bl.|||p| |||| 00| 00por d | ||
| 040 |
_aBR-BrBNA _bpor _cBiblioteca Nacional de Agricultura |
||
| 041 | _a(Pt) | ||
| 072 | _aF04; U10; P35 | ||
| 100 | 1 | _aStone, L.F. | |
| 100 | 1 | _aHeinemann, A.B. | |
| 245 | 1 | _aSimulação do manejo do nitrogênio em arroz de terras altas com o modelo ORYZA/APSIM 2000 | |
| 650 | _aORYZA SATIVA | ||
| 650 | _aSEMEADURA | ||
| 650 | _aFERTILIZANTE NITROGENADO | ||
| 650 | _aLIXIVIAÇÃO | ||
| 773 | 0 |
_tRevista Brasileira de Engenharia Agrícola e Ambiental (Brazil) _xISSN 1807-1929 _g(Jun 2012), v.16(6) p. 611-617 _wBR2012006733 |
|
| 856 | 4 | 0 | _uhttp://www.agriambi.com.br/revista/v16n06/v16n06a04.pdf |
| 909 |
_a202311 _bLúcia _c55 _dLúcia Elande |
||
| 942 |
_2AGRIS _n0 _cANA |
||
| 999 |
_c222367 _d222367 |
||